Maciej Kot - quiz wielokrotnego wyboru - Statystyki

Ogólne statystyki
  • Ten quiz został rozwiązany 87 razy
    82 od ostatniego zresetowania
  • Średni wynik to 6 z 10
Statystyki odpowiedzi
Zagadnienie Odpowiedź % Poprawnych
W którym roku urodził się Maciej Kot? 1991
95%
Gdzie odbyły się Mistrzostwa Świata w 2017, gdzie Maciej Kot został mistrzem świata(drużynowo)? Lahti
79%
Jaki medal zdobył Maciej Kot na Zimowych Igrzyskach Olimpijskich w Pjongczangu 2018? (drużynowo) Brązowy
77%
Ile zwycięstw indywidualnych PŚ posiada Kot? 2
68%
Jaki jest rekord życiowy Macieja Kota? 244,5 m
68%
W którym roku Maciej Kot wygrał Letnie Grand Pirx w skokach narciarskich? 2016
64%
Prawda/Fałsz. Maciej Kot w sezonie 2016/2017w żadnym z konkursów nie wypadł z pierwszej 15 Pucharu Świata. Fałsz
57%
W jakim klubie skacze Maciej Kot? AZS Zakopane
56%
Z jakiego miasta pochodzi Maciej Kot? Limanowa
48%
Jaką marką nart posługuje się Maciej Kot? Augment
21%
Nie znaleziono quizów pasujących do podanych kryteriów
Rozkład punktacji
Procent ludzi z każdym wynikiem
Percentyl według liczby udzielonych odpowiedzi
Twoja historia wyników
Nie rozwiązałeś tego quizu od ostatniego zresetowania